000 00750nam a2200205Ia 4500
001 16047
003 GE_BSU
008 181216s||||||||xx |||||||||||||| ||und||
040 _cGE_BSU
080 _a821.353.1.09
100 _aჩხეიძე, ნოდარ
245 _aლიტერატურული წერილები
245 _cწინასიტყვ. კ. იმედაშვილისა.რედ.ლ.ფოფხაძე. მხ. მ.ოსიტაშვილი
260 _aთბილისი
260 _bსაბჭ. საქართველო
260 _c1969
300 _a258გვ. ; 21სმ.
653 _aლიტერატურული წერილები
942 _cBK
999 _c49137
_d49137